000 01094nam a2200217Ia 4500
999 _c40761
_d40761
001 7400
003 GE_BSU
005 20231124172401.0
008 181216s1960||||ge |||||||||||||| ||geo||
040 _cGE_BSU
041 _ageo
080 _a821.353.1-31 დ-14
100 _aდადიანი, შალვა
_920483
245 _aრჩეული თხზულებანი ხუთ ტომად :
_bტ 3. გვირგვლიანების ოჯახი /
_cშალვა დადიანი ; სარედ. კოლეგია: ბ.ჟღენტი, ა.მირცხულავა, ვ.მგალობლიშვილი ; რედ. ნ. ინასარიძე.
264 _aთბილისი :
_bსაბჭ.საქართველო,
_c1960.
300 _a451 გვ. ;
_c22 სმ.
653 _aრჩეული თხზულებანი
653 _aგვირგვლიანების ოჯახი
700 _aინასარიძე, ნ.
_eრედაქტორი
_91193
942 _cBK
_2udc